000 00568nam a2200193Ia 4500
003 GCL
008 140319s9999 xx 000 0 ara d
040 _aGCL /
_cGCL
082 0 4 _a808.5
_bن ف
100 1 _aنجاة على
245 1 0 _aفن الالقاء بين النظرية والتطبيق /
_cنجاة على
260 _aالقاهرة :
_bالدار المصرية اللبنانية ،
_c1996
300 _a200 ص ؛
_c24 سم
490 _a
650 0 4 _aالخطابة
650 0 4 _aالاصوات
650 0 4 _aالالقاء
942 _2ddc
_cBK
999 _c44851
_d44851